| 000 -LEADER |
| fixed length control field |
03077cam a22006137i 4500 |
| 001 - CONTROL NUMBER |
| control field |
17727766 |
| 003 - CONTROL NUMBER IDENTIFIER |
| control field |
NUST |
| 005 - DATE AND TIME OF LATEST TRANSACTION |
| control field |
20180117090030.0 |
| 008 - FIXED-LENGTH DATA ELEMENTS--GENERAL INFORMATION |
| fixed length control field |
130507s2014 enka b 001 0 eng d |
| 010 ## - LIBRARY OF CONGRESS CONTROL NUMBER |
| LC control number |
2013939790 |
| 015 ## - NATIONAL BIBLIOGRAPHY NUMBER |
| National bibliography number |
GBB2C7611 |
| Source |
dnb |
| 015 ## - NATIONAL BIBLIOGRAPHY NUMBER |
| National bibliography number |
GBB2C7611 |
| Source |
bnb |
| 016 7# - NATIONAL BIBLIOGRAPHIC AGENCY CONTROL NUMBER |
| Record control number |
016233562 |
| Source |
Uk |
| 020 ## - INTERNATIONAL STANDARD BOOK NUMBER |
| International Standard Book Number |
9780857029133 (hbk) |
| 020 ## - INTERNATIONAL STANDARD BOOK NUMBER |
| International Standard Book Number |
0857029134 (hbk) |
| 020 ## - INTERNATIONAL STANDARD BOOK NUMBER |
| International Standard Book Number |
9780857029140 (pbk) |
| 020 ## - INTERNATIONAL STANDARD BOOK NUMBER |
| International Standard Book Number |
0857029142 (pbk) |
| 035 ## - SYSTEM CONTROL NUMBER |
| System control number |
(OCoLC)ocn878133162 |
| 040 ## - CATALOGING SOURCE |
| Original cataloging agency |
DLM |
| Language of cataloging |
eng |
| Transcribing agency |
DLM |
| Modifying agency |
DEBBG |
| -- |
RCJ |
| -- |
UKMGB |
| -- |
OCLCO |
| -- |
YDXCP |
| -- |
EUX |
| -- |
CDX |
| -- |
OCLCF |
| -- |
IXA |
| -- |
LHU |
| -- |
IAD |
| -- |
NLGGC |
| -- |
USU |
| -- |
OCLCQ |
| -- |
DLC |
| 042 ## - AUTHENTICATION CODE |
| Authentication code |
lccopycat |
| 050 00 - LIBRARY OF CONGRESS CALL NUMBER |
| Classification number |
H61.24 |
| Item number |
.C45 2014 |
| 082 04 - DEWEY DECIMAL CLASSIFICATION NUMBER |
| Classification number |
300.72 |
| Edition number |
23 |
| 084 ## - OTHER CLASSIFICATION NUMBER |
| Classification number |
LB 33000 |
| Number source |
rvk |
| 084 ## - OTHER CLASSIFICATION NUMBER |
| Classification number |
MR 2200 |
| Number source |
rvk |
| 084 ## - OTHER CLASSIFICATION NUMBER |
| Classification number |
MR 2600 |
| Number source |
rvk |
| 084 ## - OTHER CLASSIFICATION NUMBER |
| Classification number |
QH 244 |
| Number source |
rvk |
| 100 1# - MAIN ENTRY--PERSONAL NAME |
| Personal name |
Charmaz, Kathy, |
| Dates associated with a name |
1939- |
| 9 (RLIN) |
4447 |
| 245 10 - TITLE STATEMENT |
| Title |
Constructing grounded theory / |
| Statement of responsibility, etc. |
Kathy Charmaz. |
| 250 ## - EDITION STATEMENT |
| Edition statement |
2nd edition |
| 264 #1 - PRODUCTION, PUBLICATION, DISTRIBUTION, MANUFACTURE, AND COPYRIGHT NOTICE |
| Place of production, publication, distribution, manufacture |
London ; |
| -- |
Thousand Oaks, Calif. : |
| Name of producer, publisher, distributor, manufacturer |
Sage, |
| Date of production, publication, distribution, manufacture, or copyright notice |
[2014] |
| 300 ## - PHYSICAL DESCRIPTION |
| Extent |
xxi, 388 pages : |
| Other physical details |
illustrations ; |
| Dimensions |
24 cm. |
| 336 ## - CONTENT TYPE |
| Content type term |
text |
| Content type code |
txt |
| Source |
rdacontent |
| 337 ## - MEDIA TYPE |
| Media type term |
unmediated |
| Media type code |
n |
| Source |
rdamedia |
| 338 ## - CARRIER TYPE |
| Carrier type term |
volume |
| Carrier type code |
nc |
| Source |
rdacarrier |
| 490 1# - SERIES STATEMENT |
| Series statement |
Introducing qualitative methods |
| 504 ## - BIBLIOGRAPHY, ETC. NOTE |
| Bibliography, etc. note |
Includes bibliographical references (pages 346-378) and index. |
| 505 00 - FORMATTED CONTENTS NOTE |
| Title |
An invitation to grounded theory -- |
| -- |
Gathering rich data -- |
| -- |
Crafting and conducting intensive interviews -- |
| -- |
Interviewing in grounded theory studies -- |
| -- |
The logic of grounded theory coding practices and initial coding -- |
| -- |
Focused coding and beyond -- |
| -- |
Memo-writing -- |
| -- |
Theoretical sampling, saturation, and sorting -- |
| -- |
Reconstructing theorizing in grounded theory studies -- |
| -- |
Symbolic interactionism and grounded theory -- |
| -- |
Writing the draft -- |
| -- |
Reflecting on the research process. |
| 520 ## - SUMMARY, ETC. |
| Summary, etc. |
"Kathy Charmaz presents the definitive guide to doing grounded theory from a constructivist perspective. This second edition of her groundbreaking text retains the accessibility and warmth of the first edition whilst introducing cutting edge examples and practical tips."--Page 4 of cover. |
| 650 #0 - SUBJECT ADDED ENTRY--TOPICAL TERM |
| Topical term or geographic name entry element |
Grounded theory. |
| 9 (RLIN) |
4448 |
| 650 12 - SUBJECT ADDED ENTRY--TOPICAL TERM |
| Topical term or geographic name entry element |
Grounded Theory. |
| 9 (RLIN) |
4449 |
| 650 #7 - SUBJECT ADDED ENTRY--TOPICAL TERM |
| Topical term or geographic name entry element |
Grounded theory. |
| Source of heading or term |
fast |
| Authority record control number or standard number |
(OCoLC)fst00948199 |
| 9 (RLIN) |
4448 |
| 650 07 - SUBJECT ADDED ENTRY--TOPICAL TERM |
| Topical term or geographic name entry element |
Grounded theory. |
| Source of heading or term |
gnd |
| Authority record control number or standard number |
(DE-588)4395694-4 |
| 9 (RLIN) |
4448 |
| 650 07 - SUBJECT ADDED ENTRY--TOPICAL TERM |
| Topical term or geographic name entry element |
Qualitative Inhaltsanalyse. |
| Source of heading or term |
gnd |
| Authority record control number or standard number |
(DE-588)4248861-8 |
| 9 (RLIN) |
4450 |
| 650 17 - SUBJECT ADDED ENTRY--TOPICAL TERM |
| Topical term or geographic name entry element |
Kwalitatieve methoden. |
| Source of heading or term |
gtt |
| Authority record control number or standard number |
(NL-LeOCL)078568048 |
| 9 (RLIN) |
4451 |
| 650 17 - SUBJECT ADDED ENTRY--TOPICAL TERM |
| Topical term or geographic name entry element |
Sociale wetenschappen. |
| Source of heading or term |
gtt |
| Authority record control number or standard number |
(NL-LeOCL)078668840 |
| 9 (RLIN) |
4452 |
| 650 17 - SUBJECT ADDED ENTRY--TOPICAL TERM |
| Topical term or geographic name entry element |
Theorievorming. |
| Source of heading or term |
gtt |
| Authority record control number or standard number |
(NL-LeOCL)078688647 |
| 9 (RLIN) |
4453 |
| 655 #7 - INDEX TERM--GENRE/FORM |
| Genre/form data or focus term |
Gidsen (vorm) |
| Source of term |
gtt |
| Authority record control number |
(NL-LeOCL)088143201 |
| 9 (RLIN) |
4454 |
| 830 #0 - SERIES ADDED ENTRY--UNIFORM TITLE |
| Uniform title |
Introducing qualitative methods. |
| 9 (RLIN) |
4455 |
| 906 ## - LOCAL DATA ELEMENT F, LDF (RLIN) |
| a |
7 |
| b |
cbc |
| c |
copycat |
| d |
2 |
| e |
ncip |
| f |
20 |
| g |
y-gencatlg |
| 942 ## - ADDED ENTRY ELEMENTS (KOHA) |
| Source of classification or shelving scheme |
|
| Koha item type |
Book |